| 000 | 00545nam a2200181Ia 4500 | ||
|---|---|---|---|
| 999 |
_c14596 _d14596 |
||
| 003 | OSt | ||
| 005 | 20201027130232.0 | ||
| 008 | 190216s9999||||xx |||||||||||||| ||und|| | ||
| 020 | _a9788172735654 | ||
| 040 | _coclc | ||
| 082 |
_a813.54 _bGHO/C |
||
| 100 |
_aGhosh, Nibir K _95381 |
||
| 245 | 0 |
_aCharles Johnson Embracing The World / _cNibir K Ghosh ; E Ethelbert Miller |
|
| 260 |
_bAuthorspress , _c2011. _aNew Delhi: |
||
| 300 | _a308p | ||
| 650 | _aEnglish Essay | ||
| 942 |
_cBK _2ddc _h813.54 _iGHO/C _k813.54 _mGHO/C |
||